Studies in education during the age of the renaissance 1400-1600

Salvato in:
Dettagli Bibliografici
Autore principale: Woodward, William Harrison
Natura: Libro
Lingua:inglese
Pubblicazione: Cambridge university press 2013
Tags: Aggiungi Tag
Nessun Tag, puoi essere il primo ad aggiungerne!!

MARC

LEADER 00000nam a22000007a 4500
008 210712b ||||| |||| 00| 0 eng d
020 |a 9780521730891 
100 |a Woodward, William Harrison 
245 |a Studies in education during the age of the renaissance 1400-1600  |c William Harrison Woodward  |g xvi,336p 
260 |b Cambridge university press  |c 2013  |h United Kingdom  |i 696451  |i 696452  |l LB 175.E6.W84  |m Erasmus, Desiderius,-1536  |m Education 
500 |a  It includes bibliography and index 
942 |a lcc  |c BK  |e Olagoke, M.A.  |f 12/07/2021 
952 |0 0  |1 0  |2 lcc  |4 0  |7 0  |9 2765  |a HOL  |b ED  |c LP  |d 2021-07-12  |o LB175.E6.W84  |p 2021-6618  |r 2021-07-12 00:00:00  |w 2021-07-12  |y BK 
952 |0 0  |1 0  |2 lcc  |4 0  |7 0  |9 2766  |a HOL  |b HOL  |c LP  |d 2021-07-12  |o LB175.E6.W84  |p 2021-6619  |r 2021-07-12 00:00:00  |w 2021-07-12  |y BK 
999 |c 1441  |d 1441